Statystyki dla Pierwiastki chemiczne klasa 7

Kliknij tutaj aby rozwiązać quiz!

Ogólne statystyki

  • Ten quiz został rozwiązany 585 razy
  • Średni wynik to 30 z 37

Statystyki odpowiedzi

SymbolNazwa% Poprawnych
Hwodór
98%
Mgmagnez
97%
Kpotas
95%
Otlen
95%
Auzłoto
94%
Fezelazo
93%
Agsrebro
92%
Lilit
91%
Ssiarka
91%
Cwęgiel
91%
Brbrom
88%
Nasód
88%
Nazot
86%
Clchlor
86%
Zncynk
86%
Pfosfor
86%
Babar
85%
Hehel
84%
Cumiedź
84%
Ijod
83%
Pbołów
83%
Hgrtęć
82%
Cawapń
82%
Sikrzem
79%
Beberyl
78%
Alglin
78%
Ffluor
77%
Sncyna
76%
Ninikiel
74%
Neneon
73%
Mnmangan
70%
Bbor
68%
Arargon
67%
Crchrom
63%
Krkrypton
53%
Ptplatyna
52%
Srstront
40%

Rozkład punktacji

Percentyl według liczby udzielonych odpowiedzi

Procent ludzi z każdym wynikiem

Twoja historia wyników

Nie rozwiązałeś tego quizu